Teoría de la expresión: el sistema explicado por su historia
Պահպանված է:
| Հիմնական հեղինակ: | |
|---|---|
| Ձևաչափ: | Գիրք |
| Լեզու: | իսպաներեն |
| Հրապարակվել է: |
Madrid
Revista de Occidente
1950
|
| Շարք: | Conocimiento del hombre
|
| Խորագրեր: | |
| Ցուցիչներ: |
Ավելացրեք ցուցիչ
Չկան պիտակներ, Եղեք առաջինը, ով նշում է այս գրառումը!
|
MARC
| LEADER | 00000nam a2200000 a 4500 | ||
|---|---|---|---|
| 001 | UCY6964 | ||
| 003 | CL-VaPUC | ||
| 008 | 950602e19500000SP |||||||||||||||||spa|d | ||
| 082 | 0 | 4 | |a 401.9 |b BUH |2 21 |
| 100 | |a Buhler, Karl |e author |9 335690 | ||
| 245 | 1 | 0 | |a Teoría de la expresión: el sistema explicado por su historia |
| 300 | |a 274 p | ||
| 942 | |c BK | ||
| 945 | |d 19950602 00:00:00 |a cmena | ||
| 260 | |a Madrid |b Revista de Occidente |c 1950 | ||
| 650 | 0 | |a Psicología |9 257863 | |
| 650 | 0 | |a Psicolingüística |9 283371 | |
| 650 | 0 | |a Comunicación |9 257251 | |
| 650 | 7 | |a HABLA |2 CL-VaPUC |9 311668 | |
| 650 | 0 | |a Expresión oral |9 334815 | |
| 650 | 0 | |a Expresión corporal |9 308898 | |
| 650 | 7 | |a INVESTIGACION PSICOLOGICA |2 CL-VaPUC |9 309030 | |
| 650 | 0 | |a Psicología aplicada |9 270762 | |
| 583 | |a last modification |c 19950602 00:00:00 |k Rodrigo Vera | ||
| 490 | 0 | |a Conocimiento del hombre | |
| 999 | |c 234443 |d 234441 | ||
| 952 | |0 0 |1 0 |4 0 |6 401_900000000000000_BUH_1950 |7 0 |8 P |9 240712 |a BIBEDU |b BIBEDU |c BIBEDU_PB |d 2019-11-18 |i 1510495 |o 401.9 BUH 1950 |p 1510495 |r 2024-01-25 |w 2019-11-18 |y BK |k EDU | ||